书目信息 |
| 题名: |
企业战略管理
|
|
| 作者: | 本书编委会 , 郭成 著 | |
| 分册: | ||
| 出版信息: | 郑州 郑州大学出版社 2003.12 |
|
| 页数: | 321页 | |
| 开本: | 22cm | |
| 丛书名: | ||
| 单 册: | ||
| 中图分类: | F270 | |
| 科图分类: | ||
| 主题词: | 企业经济 | |
| 电子资源: | ||
| ISBN: | 7-81048-708-6 | |
| 000 | 00652 nam 000241 | |
| 001 | 0100028581 | |
| 005 | 20091116122053.57 | |
| 010 | @a7-81048-708-6@dCNY39.00 | |
| 100 | @a20090607d1997 em y0chiy0121 ea | |
| 101 | @achi | |
| 102 | @aCN@b320000 | |
| 105 | @ay z 000yy | |
| 106 | @ar | |
| 200 | 10 | @a企业战略管理@9qi ye zhan lue guan li@f郭成@Fguo cheng |
| 210 | @a郑州@c郑州大学出版社@d2003.12 | |
| 215 | @a321页@d22cm | |
| 540 | @a企业战略管理 | |
| 606 | @a企业经济 | |
| 690 | @aF270@v4 | |
| 701 | 0 | @a本书编委会@9ben shu bian wei hui@4著 |
| 701 | 0 | @a郭成@Aguo cheng |
| 801 | @aCN@bCQULIB@c20091116 | |
| 905 | @b902176-8@dF270@eG7821@f3 | |
| 企业战略管理/郭成.-郑州:郑州大学出版社,2003.12 |
| 321页;22cm |
| ISBN 7-81048-708-6:CNY39.00 |
| ● |
| 相关链接 |
|
|
|
正题名:企业战略管理
索取号:F270/G7821
 
预约/预借
| 序号 | 登录号 | 条形码 | 馆藏地/架位号 | 状态 | 备注 |
| 1 | 902176 | 209021761 | 社科库409/409社科库 83排1列3层/ [索取号:F270/G7821] | 在馆 | |
| 2 | 902177 | 209021770 | 社科库409/409社科库 83排1列3层/ [索取号:F270/G7821] | 在馆 | |
| 3 | 902178 | 209021789 | 社科库409/409社科库 83排1列3层/ [索取号:F270/G7821] | 在馆 |